Egil's saga : traditional evidence for Brúnanburh compared to literary, historic and archaeological analyses /
Was Egil's Saga 'written' by Snorri Sturluson or by more than one person? Was it embellished by Snorri or others? Where did the Brúnanburh traditions come from? Is it accurate enough to be used as a historic source - a factual reference? This study aims to identify the incongruities w...
المؤلف الرئيسي:
التنسيق: كتاب الكتروني
اللغة: English
منشور في:
Summertown, Oxford :
Archaeopress Publishing Ltd,
2019.
سلاسل:
Access archaeology.
الموضوعات:
الوصول للمادة أونلاين: Login to view Source
الوسوم: إضافة وسم
رقم الطلب: PT7269.E4
| LEADER | 01962nam a2200409 i 4500 | ||
|---|---|---|---|
| 001 | EDZ0002020401 | ||
| 003 | StDuBDS | ||
| 005 | 20230412182422.0 | ||
| 006 | m|||||o||d|||||||| | ||
| 007 | cr ||||||||||| | ||
| 008 | 181221s2019 enka fob 000|0|eng|d | ||
| 020 | |a 9781789691108 (ebook) : |c No price | ||
| 040 | |a StDuBDS |b eng |c StDuBDS |e rda |e pn | ||
| 050 | 4 | |a PT7269.E4 | |
| 082 | 0 | 4 | |a 839.63 |2 23 |
| 100 | 1 | |a Kirby, John R., |e author. | |
| 245 | 1 | 0 | |a Egil's saga : |b traditional evidence for Brúnanburh compared to literary, historic and archaeological analyses / |c John R. Kirby. |
| 264 | 1 | |a Summertown, Oxford : |b Archaeopress Publishing Ltd, |c 2019. | |
| 300 | |a 1 online resource (58 pages) : |b illustrations (black and white, and colour). | ||
| 336 | |a text |2 rdacontent | ||
| 336 | |a still image |2 rdacontent | ||
| 337 | |a computer |2 rdamedia | ||
| 338 | |a online resource |2 rdacarrier | ||
| 490 | 1 | |a Access archaeology | |
| 500 | |a Previously issued in print: 2019. | ||
| 504 | |a Includes bibliographical references. | ||
| 520 | 8 | |a Was Egil's Saga 'written' by Snorri Sturluson or by more than one person? Was it embellished by Snorri or others? Where did the Brúnanburh traditions come from? Is it accurate enough to be used as a historic source - a factual reference? This study aims to identify the incongruities within this saga demonstrating a correct analysis. | |
| 521 | |a Specialized. | ||
| 588 | |a Description based on online resource; title from home page (viewed on February 28, 2019). | ||
| 600 | 0 | 0 | |a Snorri Sturluson, |d 1179?-1241. |t Egils saga. |
| 650 | 0 | |a Brunanburh, Battle of, 937 |x Sources. | |
| 776 | 0 | 8 | |i Print version : |z 9781789691092 |
| 830 | 0 | |a Access archaeology. | |
| 856 | 4 | 0 | |3 Archaeopress |u http://library.arce.org:8087/Archaeopress/Products/9781789691092 |
| 942 | |2 lcc |c EBOOK | ||
| 952 | |0 0 |1 0 |4 0 |6 PT7269 E4 |7 1 |9 46504 |a ARCH |b ARCH |d 2023-04-12 |l 0 |o PT7269.E4 |r 2023-04-12 00:00:00 |w 2023-04-12 |y EBOOK | ||
| 999 | |c 52162 |d 52162 | ||
